| 000 | 00724nam a22002177a 4500 | ||
|---|---|---|---|
| 999 |
_c13606 _d13606 |
||
| 003 | MIRAKIL | ||
| 005 | 20191114122551.0 | ||
| 008 | 191114b tu ||||| |||| 00| 0 tur d | ||
| 020 | _a9756220112 | ||
| 040 |
_aTR-AnCHP _cTR-AnCHP |
||
| 082 |
_a341.2422 _bA86 2005 |
||
| 245 | 1 | 0 |
_aAvrupa birliği anayasası/ _cYayına hazırlayan Fatih Güven. |
| 260 |
_aİstanbul: _bİlkbiz yayınevi, _c2005. |
||
| 300 |
_a270 s.: _c21 sm. |
||
| 650 | 0 |
_9943 _auluslararası hukuk _xAvrupa birliği |
|
| 700 |
_96100 _aGüven, Fatih _eyay. haz. |
||
| 740 | _aAvrupa için bir anayasa oluşturan antlaşma | ||
| 740 | _aHükümetlerarası konferans nihai senedi'ne ek bildirgeler ve nihai sened | ||
| 942 |
_2ddc _cBKS |
||
| 999 | _d13606 | ||